LEADER 01225nam a2200265 i 4500 001 000000132366 003 CaOOAMICUS 005 20241127125149.0 008 180322s1784 it u000 u ita u 013 $a105323 026 $atola rite o-il tama (3) 1784 (R) 040 $aSeMil$bita 100 1 $aLandriani, Marsilio,$d<1751-1815>.$0(OLS)http://semarc/name/93327 245 10$aDell'utilitą dei conduttori elettrici dissertazione di Marsilio Landriani patr. milanese, ... pubblicata per ordine del governo. 300 $aXXXIV, 304 p., [1] carta di tav. ripieg. :$bill. ;$c8°. 500 $aFront. calcogr. 500 $aSegn.: pg1 *-2*8 a-t8 650 4$aElettricitą.$0(OLS)http://semarc/subject/12212 650 4$aParafulmini.$0(OLS)http://semarc/subject/46218 700 1 $aMarelli, Giuseppe,$c.$0(OLS)http://semarc/name/6392 850 $aSeMil 852 $aSeMil$W1$xVenegono$y1$m3W III 3 FA$j86283$B86283$CSeMilBibl$Z2$F90058 $8I 961 $aLascito: Istituto Villoresi 996 $6245$aDell'utilitą dei conduttori elettrici dissertazione di Marsilio Landriani patr. milanese, ... pubblicata per ordine del governo$9(OLS)http://semarc/title/408247 LEADER 00595nas a2200157 i 4500 001 000000014014 003 CaOOAMICUS 005 20180830125442.0 008 180830n it u0 ita u 040 $aSeMil$bita 245 10$aCataloghi di raccolte d'arte. Nuova serie. 260 $aVenezia :$bNeri Pozza,$c[19--]?. 300 $av. ;$c25 cm. 774 0 $tDisegni antichi del Museo Correr di Venezia.$dVenezia : Neri Pozza, [1980]?.$w()9844 996 $6245$aCataloghi di raccolte d'arte. Nuova serie$9(OLS)http://semarc/title/18615 996 $6260$aVenezia :$bNeri Pozza$9(OLS)http://semarc/publisher/32693